Nákladové účtovníctvo praktikum

Guardado en:
Detalles Bibliográficos
Autor principal: Antalová, Renáta
Autor Corporativo: Ekonomická univerzita v Bratislave. Fakulta hospodárskej informatiky
Otros Autores: Mokošová, Daša, 1979-, Soukupová, Božena, Tumpach, Miloš, 1970-
Formato: Libro
Lenguaje:eslovaco
Publicado: Bratislava Vydavateľstvo EKONÓM 2014
Edición:1. vyd.
Materias:
Etiquetas: Agregar Etiqueta
Sin Etiquetas, Sea el primero en etiquetar este registro!

MARC

LEADER 00000nam$a2200000$$$4500
001 0194514
005 20240502073245.9
020 |a 978-80-225-3963-0 
041 0 |a slo 
044 |a SK 
245 1 0 |a Nákladové účtovníctvo  |b praktikum  |c Renáta Antalová, Daša Mokošová ; recenzenti: Božena Soukupová, Miloš Tumpach 
250 |a 1. vyd. 
264 1 |a Bratislava  |b Vydavateľstvo EKONÓM  |c 2014 
300 |a 215 s. [6,52 AH] 
610 2 0 |a účtovníctvo nákladové 
610 2 0 |a náklady 
610 2 0 |a etika manažérska 
610 2 0 |a riadenie hospodárske 
610 2 0 |a účtovníctvo vnútropodnikové 
610 2 0 |a účtovníctvo finančné 
610 2 0 |a kalkulácia 
610 2 0 |a metódy kalkulačné 
610 2 0 |a kalkulácia nákladov 
610 2 0 |a metóda ABC 
610 2 0 |a výrobky 
610 2 0 |a oceňovanie 
610 2 0 |a zásoby 
610 2 0 |a štandardy účtovné medzinárodné 
610 2 0 |a odpad 
610 2 0 |a výroba zákazková 
100 1 |a Antalová, Renáta 
700 1 |a Mokošová, Daša, 1979- 
700 1 |a Soukupová, Božena 
700 1 |a Tumpach, Miloš, 1970- 
710 2 |a Ekonomická univerzita v Bratislave. Fakulta hospodárskej informatiky